00478nam a2200145 4500003000900000020001800009040002800027082001600055100002800071245010400099260003200203490002600235650003600261650003500297CO-ViMGA a958-04-6149-x aCO-ViMGAbspacCO-ViMGA04a863.6bR65c1 aRomán, Celso, d1947-10aColección valores tío morroco morrocoy y... :bGuía para padres y maestros /c Celso Román. aBogotá : bNorma, c2001.0 a(Colección valores)14aCuentos infantiles colombianos 14aLibros ilustrados para niños